| 000 | 01033nam a2200229Ia 4500 | ||
|---|---|---|---|
| 001 | L100-51541 | ||
| 003 | IT-CnALBA | ||
| 008 | 170116s9999||||xx |||||||||||||| ||und|| | ||
| 040 |
_aIT-CnALBA _cIT-CnALBA |
||
| 041 | _aITALIANO | ||
| 100 | _aNEGRI ANTIMO | ||
| 245 | 0 | _aCADUTA E CONOSCENZA. INTERVENTI SUL RAZIONALISMO CRITICO. | |
| 250 | _a1a ed. | ||
| 260 |
_a ROMA _bPELLICANI A. EDITORE _c1997 [1° Ed.:1997 - Ed.Ling.Originale: 1997] |
||
| 300 | _a161 p. | ||
| 500 | _aPOPPER E LA RAZIONALITÀ ANTIPOSITIVISTA. LA PRUDENZA NELLE PROPOSIZIONI SCIENTIFICHE. RAZIONALISMO CRITICO E UNIVERSALITÀ DEI FENOMENI. LA LUNA DI PARMENIDE. | ||
| 501 | _aSocietà San Paolo EM - Piazza San Paolo, 14 - 12051 ALBA (CN) (non commercial uses only) ® Copyright 2017 | ||
| 520 | _aPOPPER E LA RAZIONALITÀ ANTIPOSITIVISTA. LA PRUDENZA NELLE PROPOSIZIONI SCIENTIFICHE. RAZIONALISMO CRITICO E UNIVERSALITÀ DEI FENOMENI. LA LUNA DI PARMENIDE. | ||
| 650 | _aFILOSOFIA E DISCIPLINE COLLEGATE | ||
| 942 | _cBK | ||
| 957 | _71 | ||
| 999 |
_a67021 _bNO _g Copie: 1 _c310424 _d310424 |
||